| 000 | 00637nam a2200181 i 4500 | ||
|---|---|---|---|
| 001 | 144010 | ||
| 003 | ES-MaACL | ||
| 005 | 20230906200926.0 | ||
| 007 | t| | ||
| 008 | 070214s1977 sp r ||||1| spa d | ||
| 100 | 1 |
_aSimón Díaz, José. _9106544 |
|
| 245 | 1 | 0 |
_aDominicos de los siglos XVI y XVII _b: escritos localizados / _cJosé Simón Díaz. |
| 260 |
_aMadrid : _bFundación Universitaria Española [etc.], _c1977 ( _fDoserre) |
||
| 300 |
_a579 p. ; _c19 cm. |
||
| 610 | 2 | 4 |
_aDominicos- _zEspaña- _vHistoria- _vBibliografías. _9156212 |
| 710 | 2 |
_aFundación Universitaria Española. _94426 |
|
| 852 |
_aES-MaACL _jL-7908 _bR.108407 |
||
| 999 |
_c144010 _d144010 |
||